000 00583nam a2200181Ia 4500
003 LK-CoDNM
008 010623t2002 xxu||||| |||| 00| 1 sin d
040 _aLK-CoDNM
_dLK-CoDNM
_eLK-CoDNM
041 _asin
080 _a159.9 MUR
100 _aMuruthenge,Sanathdeeva.
245 _aමනෝකාය විශ්වයථාර්ථය හා තදනුබද්ධ මිත්‍යාව
246 _aAstral Body Universal Truth and theRelated Myth.
260 _bSuriya
_c2002
300 _b344p., 22 100: 955-97940-0-0 cm
650 _aPsychology
942 _cBK
999 _c122209
_d122209